000 00894nam a2200253 a 4500
001 21843
003 CO-ViMGA
008 141112s2004 ck r 000 u spa d
020 _a8420533904
040 _aCO-ViMGA
_bspa
_cCO-ViMGA
082 0 4 _a575.1 F73A
100 1 _aFreeman, Scott; Herron, Jon C.
_931167
245 1 0 _aAnálisis evolutivo
250 _a2
260 _aMadrid :
_bPrentice Hall,
_c2002
300 _a703
505 _aLos mecanismos del cambio evolutivo 73 - - Adaptación 249 - - La historia de la vida 401 - - Investigación actual 585 - - Evolución molecular 611
590 _aForma de adquisición : Compra fact. 0854 - - Precio : 153200 - - Proveedor : Temas y libros - - Fecha de adquisición : Julio 2007
650 1 4 _aADAPTACION (BIOLOGIA)
_931168
650 1 4 _aEVOLUCION
_94689
650 1 4 _aGENética
650 1 4 _aMENDELISMO
_931169
942 _2ddc
_cBK
999 _c30391
_d30391